000 01182nam a2200373 a 4500
005 20180803164932.0
008 140121b1998 ck ||||| |||| 00| 0 spa d
041 _aspa
044 _ack
090 _aIAvH
_b00120
100 _aGast, Fernando
_94240
245 _aCaracterización de la biodiversidad del bosque de los micos
260 _aBogotá
_bInstituto Alexander von Humboldt
_c1998
300 _a56p.
650 _aCaracterización biológica
_92833
650 _aBiodiversidad
_992204
650 _aAves
_927793
650 _aVegetación
_927794
650 _aMamíferos
_927795
650 _aInvertebrados
_927796
650 _aArtrópodos
_92658
662 _aColombia
_cBosque de Los Micos
_dVilla de Leyva
_bBoyacá
700 _aMuñoz Saba, Yaneth
_94274
700 _aForero, Dimitri
_94404
700 _aRepizzo, Augusto
_94235
700 _aBello, Juan Carlos
_93704
700 _aAlvarez R., Mauricio
_94175
700 _aMendoza Cifuentes, Humberto
_94236
700 _aVillarreal Leal, Hector Fernando
_94237
700 _aMartínez, Claudia
_971
700 _aStancik, Daniel
_94405
700 _aArmenteras, Dolors
_92694
942 _cINFORME
_2ddc
999 _c1767
_d1767